| 000 | 00820nam a2200217Ia 4500 | ||
|---|---|---|---|
| 003 | IN-BaIIA | ||
| 008 | 211028s9999 xx 000 0 eng d | ||
| 020 | _a0-7354-0042-3 | ||
| 040 | _cIIA Library | ||
| 080 |
_a523.7 _bSOL |
||
| 111 |
_aA Joint SOHO/ACE Workshop _cBern, Switzerland _d2001 Mar. 6-9 _926586 |
||
| 245 | 0 |
_aSolar and galactic composition _bproceedings of a joint SOHO/ACE workshop held in Bern, Switzerland, March 6-9, 2001 _cedited by R. F. Wimmer-Schweingruber |
|
| 260 |
_aMelville _bAmerican Institute of Physics _c2001 |
||
| 300 | _axiii, 423p. | ||
| 490 | _aAIP conference proceedings; v. 598 | ||
| 650 |
_aCosmochemistry _91212 |
||
| 650 |
_aEnergetic particle composition _926587 |
||
| 650 |
_aSolar wind composition _926588 |
||
| 700 |
_aWimmer-Schweingruber, R. F., ed. _926589 |
||
| 942 | _cBK | ||
| 999 |
_c14789 _d14789 |
||